Statistics for NBA All-Time Leaders in Points per Game (PPG)

Click here to take the quiz!

General Stats

  • This quiz has been taken 12,599 times
    (3,275 since last reset)
  • The average score is 18 of 34

Answer Stats

PPGPlayer% Correct
30.12Michael Jordan
99%
27.20LeBron James
98%
27.27Kevin Durant
92%
24.29Stephen Curry
92%
30.07Wilt Chamberlain
92%
27.03Jerry West
85%
24.99Kobe Bryant
84%
24.69James Harden
83%
24.61Kareem Abdul-Jabbar
79%
23.69Shaquille O'Neal
75%
25.02Karl Malone
66%
24.29Larry Bird
66%
22.64Giannis Antetokounmpo
63%
27.20Joel Embiid
62%
25.20Damian Lillard
57%
26.66Allen Iverson
55%
23.42Kyrie Irving
55%
22.45Carmelo Anthony
54%
27.36Elgin Baylor
45%
22.47Jayson Tatum
39%
25.68Oscar Robertson
39%
24.00Anthony Davis
38%
23.94Devin Booker
38%
26.36Bob Pettit
30%
24.83Dominique Wilkins
27%
24.59Donovan Mitchell
26%
26.18George Gervin
26%
23.13George Mikan
19%
23.17Rick Barry
19%
23.04Karl-Anthony Towns
16%
24.24Pete Maravich
16%
24.27Adrian Dantley
14%
22.49Bernard King
14%
22.81Paul Arizin
8%

Score Distribution

Percentile by Number Answered

Percent of People with Each Score

Your Score History

You have not taken this quiz since the last reset